Countries DJ Jazzy Jeff has Visited - Statistics

General Stats
  • This quiz has been taken 21 times
    4 since last reset
  • The average score is 9 of 13
Answer Stats
Continent Country % Correct
Europe United Kingdom
100%
Oceania Australia
75%
Europe Croatia
75%
Europe Netherlands
75%
Oceania New Zealand
75%
Europe Norway
75%
Europe Slovenia
75%
Europe Switzerland
75%
North America United States of America
75%
Europe Belgium
50%
North America Canada
50%
Asia Saudi Arabia
50%
Asia Singapore
50%
No matching quizzes found
Score Distribution
Percent of People with Each Score
Percentile by Number Answered
Your Score History
You have not taken this quiz since the last reset